000 01012nam a22002535a 4500
003 OSt
005 20170223153208.0
008 160828s2011 ua frb 000 0 ara d
015 _a2011 / 3291
020 _a9789770466685
040 _aEG-ScBUE
_bara
_cEG-ScBUE
043 _af-ua---
082 0 4 _a343.620143
_bج ا ر
_222
100 1 _aجارحي، مجدي صالح يوسف.
245 1 0 _aضمانات المتهم أمام المحاكم العسكرية في النظام القانوني المصري /
_cمجدي صالح يوسف الجارحي.
260 _aالقاهرة :
_bدار النهضة العربية،
_c2011.
300 _a267 ص. ؛
_c24 سم.
504 _aيشتمل على إرجاعات ببليوجرافية.
650 7 _2BUEsh
_aالدفاع عن المتهم (إجراءات عسكرية)
_xقوانين وتشريعات
_zمصر.
650 7 _aالمحاكم العسكرية
_941118
_zمصر.
_2BUEsh
651 _2BUEsh
653 _bLLAAWW
_cFebruary2017
942 _2ddc
999 _c24246
_d24218